00553nam a2200181Ia 450000500170000000800410001708200130005810000160007124500800008726000330016730000130020065000140021365000170022765000120024494200060025695200940026299900150035620240826015125.0240331s9999 xx 000 0 und d bJena800 aJennings, P 4aThe living village :bA picture of rural life drawn from village scrapbooks aEnglandbPenguin Booksc1972 a317 p ., aSociology aAnthropology aHistory cL 001040708LaWERCLbWERCLcSSCd2024-03-31l0o 800 Jenp353r2024-03-31w2024-03-31yL c2228d2228